| 000 | 00521nam a2200181Ia 4500 | ||
|---|---|---|---|
| 001 | 12698 | ||
| 005 | 20260306163000.0 | ||
| 008 | 260306t2022||||xx |||||||||||||| ||spa|| | ||
| 041 | _aESP | ||
| 082 |
_aHR 670.42 _bABR 2022 II |
||
| 110 | _aUniversidad de Lima. Facultad de Ingeniería y Arquitectura | ||
| 245 | 0 |
_aIngeniería industrial: _brevista de la Facultad de Ingeniería y Arquitectura |
|
| 260 | _c2022 | ||
| 300 |
_a398 páginas : _c25 cm. |
||
| 650 | _aGEN | ||
| 654 | _aCAU | ||
| 942 |
_cREV _dJUS _fJUS _2ddc _n |
||
| 999 |
_c12698 _d12698 |
||